| 000 | 00686nam a2200193Ia 4500 | ||
|---|---|---|---|
| 008 | 190412s9999 xx 000 0 und d | ||
| 100 | _aYong Chen, Gregory W. Eaton, & Bradley S. Paye | ||
| 245 | _aMicro(structure) before macro? The predictive power of aggregate liquidity for stock returns and economic activity / | ||
| 245 | _cYong Chen, Gregory W. Eaton, & Bradley S. Paye | ||
| 260 | _belsevier | ||
| 260 | _c2018 | ||
| 300 | _apages 48-73, October 2018 | ||
| 440 |
_aJournal of Financial Economics _v130 (1) |
||
| 650 | _aFINANCE | ||
| 650 | _aMacroeconomic Forecasts | ||
| 650 | _aStock Market Liquidity | ||
| 650 | _aStock Return Predictibility | ||
| 942 |
_2lcc _cSE |
||
| 999 |
_c361389 _d361389 |
||